00528nam a2200157 a 450000100100000000500170001000800410002704000250006808200180009310000260011124500630013726000700020030000210027065100330029165100460032400003507920200930074105.0111024s1943 pr 000 0 spa d aDO-SdBNPbspacBNPHU a972.95bM672j1 aMiranda, Luis Antonio13aLa justicia social en Puerto Rico /cLuis Antonio Miranda. aSan Juan, Puerto Rico :bTalleres de "La Correspondencia",c1943. a204 p. ;c22 cm. 4aPuerto RicoxHistoriay1898- 4aPuerto RicoxPolítica Y Gobiernoy1898-